[Event "Tallinn rapid"]
[Site "Tallinn"]
[Date "1996.??.??"]
[Round "2"]
[White "Liiva, Riho"]
[Black "Ivanchuk, Vassily"]
[Result "1/2-1/2"]
[WhiteElo "2425"]
[BlackElo "2735"]
[PlyCount "101"]
[EventDate "1996.??.??"]
[EventType "tourn (rapid)"]
[EventRounds "7"]
[EventCountry "EST"]
[EventCategory "13"]
[SourceTitle "CBM 050 Extra"]
[Source "ChessBase"]
[SourceDate "1996.03.01"]
[SourceVersion "1"]
[SourceVersionDate "1996.03.01"]
[SourceQuality "1"]

1. e4 e5 2. Nc3 Nf6 3. Bc4 Nxe4 4. Qh5 Nd6 5. Bb3 Be7 6. Nf3 Nc6 7. Nxe5 g6 8.
Nxc6 dxc6 9. Qd1 Nf5 10. O-O Nd4 11. d3 O-O 12. Bf4 a5 13. Be5 Bf5 14. Re1 Bf6
15. Bxf6 Qxf6 16. Ne4 Bxe4 17. dxe4 Rad8 18. Qc1 Rfe8 19. c3 Nxb3 20. axb3 b6
21. Qc2 Qf4 22. Re2 Qd6 23. Rae1 c5 24. h3 Qd3 25. Qxd3 Rxd3 26. f3 Kf8 27. Kf2
Red8 28. Re3 Rd2+ 29. R3e2 Ke7 30. Rxd2 Rxd2+ 31. Re2 Rd1 32. Re1 Rd8 33. Ke2
Ke6 34. f4 f6 35. Rd1 Rd6 36. Rxd6+ cxd6 37. Kd3 f5 38. c4 h5 39. g3 Ke7 40.
Ke3 Ke6 41. Kf3 Kf6 42. g4 h4 43. exf5 gxf5 44. g5+ Kg6 45. Ke3 Kh5 46. Kd3 Kg6
47. Kc2 Kf7 48. Kb1 Ke6 49. Ka2 d5 50. Ka3 d4 51. Ka2 1/2-1/2

[Event "Tallinn rapid"]
[Site "Tallinn"]
[Date "1996.??.??"]
[Round "4"]
[White "Shirov, Alexei"]
[Black "Ivanchuk, Vassily"]
[Result "1/2-1/2"]
[WhiteElo "2690"]
[BlackElo "2735"]
[Annotator "Shirov,A"]
[PlyCount "45"]
[EventDate "1996.??.??"]
[EventType "tourn (rapid)"]
[EventRounds "7"]
[EventCountry "EST"]
[EventCategory "13"]
[SourceTitle "CBM 050 Extra"]
[Source "ChessBase"]
[SourceDate "1996.03.01"]
[SourceVersion "1"]
[SourceVersionDate "1996.03.01"]
[SourceQuality "1"]

1. e4 c5 2. Nf3 e6 3. d4 cxd4 4. Nxd4 a6 5. Nc3 Qc7 6. Be2 Nf6 7. O-O Bb4 8.
Qd3 $5 Nc6 9. Bg5 $5 $146 h6 (9... Ne5 10. Qe3 $13) 10. Bxf6 gxf6 11. Rad1 h5
12. Kh1 Nxd4 13. Qxd4 Be7 14. f4 (14. Qd2 $5 b5 15. Bd3 $13) 14... b5 15. e5 f5
{[#]} 16. Nd5 $3 (16. Bf3 Bb7 17. Bxb7 Qxb7 18. Rd2 $13 (18. Ne2 $13)) 16...
exd5 17. e6 O-O $1 (17... Rf8 18. exf7+ Kd8 19. Qxd5 Bb7 20. Qxf5 $36) 18. Rd3
$2 (18. exf7+ Rxf7 19. Bxh5 Qc4 (19... Bb7 20. Bxf7+ Kxf7 21. Qd3 $16) 20.
Bxf7+ Kxf7 21. Qh8 $1 $40) 18... h4 19. Rff3 Kh7 $1 $8 20. Rg3 (20. Qxd5 fxe6
21. Qxa8 Bb7 22. Qa7 Ra8 (22... Bc5 $2 23. Rc3) 23. Qf2 Bxf3 24. Bxf3 Rd8 $10)
20... hxg3 21. Rxg3 f6 22. Rh3+ (22. Qxd5 $2 Qxf4 $19) (22. Qf2 $2 Rg8 $1 23.
Rh3+ Kg7 24. Rg3+ (24. Qh4 Kf8 25. Qh6+ Ke8 26. Rg3 Rf8 $19) 24... Kf8 25.
Rxg8+ Kxg8 26. Qg3+ Kf8 27. Qg6 dxe6 28. Bh5 Bd6 29. Qe8+ Kg7 30. Qg6+ Kh8 31.
Qe8+ Bf8 32. Qxf8+ Kh7 $19) (22. exd7 $2 Qxd7 $19) 22... Kg7 23. Rg3+ 1/2-1/2

[Event "Tallinn rapid"]
[Site "Tallinn"]
[Date "1996.??.??"]
[Round "7"]
[White "Ehlvest, Jaan"]
[Black "Ivanchuk, Vassily"]
[Result "0-1"]
[WhiteElo "2660"]
[BlackElo "2735"]
[PlyCount "42"]
[EventDate "1996.??.??"]
[EventType "tourn (rapid)"]
[EventRounds "7"]
[EventCountry "EST"]
[EventCategory "13"]
[SourceTitle "CBM 050 Extra"]
[Source "ChessBase"]
[SourceDate "1996.03.01"]
[SourceVersion "1"]
[SourceVersionDate "1996.03.01"]
[SourceQuality "1"]

1. e4 c5 2. Nf3 e6 3. d4 cxd4 4. Nxd4 a6 5. c4 Nf6 6. Nc3 Bb4 7. Bd3 Nc6 8.
Nde2 d6 9. O-O Bc5 10. h3 h6 11. b3 O-O 12. Bb2 Bd7 13. Kh1 Ne5 14. Ng3 Nfg4
15. Kg1 Qh4 16. Nh1 Bc6 17. Bc2 Nf6 18. Re1 Nh5 19. Ne2 f5 20. exf5 Qg5 21.
Neg3 Nxg3 0-1

[Event "Hoogovens"]
[Site "Wijk aan Zee"]
[Date "1996.01.20"]
[Round "6"]
[White "Sokolov, Ivan"]
[Black "Ivanchuk, Vassily"]
[Result "0-1"]
[WhiteElo "2665"]
[BlackElo "2735"]
[Annotator "Ftacnik,L"]
[PlyCount "66"]
[EventDate "1996.01.13"]
[EventType "tourn"]
[EventRounds "13"]
[EventCountry "NED"]
[EventCategory "17"]
[SourceTitle "CBM 051"]
[Source "ChessBase"]
[SourceDate "1996.04.01"]
[SourceVersion "1"]
[SourceVersionDate "1996.04.01"]
[SourceQuality "1"]

1. d4 {Giese Dautov} Nf6 2. c4 e6 3. Nc3 Bb4 4. Qc2 O-O 5. a3 Bxc3+ 6. Qxc3 b6
7. Bg5 Bb7 8. e3 d6 (8... h6 9. Bh4 c5 (9... Re8 10. f3 d5 11. Bd3 Nbd7 12. Ne2
c5 13. cxd5 exd5 14. Bb5 Ne4 15. Bxd8 Nxc3 16. Bxd7 Rexd8 17. Nxc3 Rxd7 {
1-0 Dzevlan,M-Kurajica,B/JUG-ch (05)/1991/ (54)}) (9... g5 10. Bg3 Ne4 11. Qc2
f5 12. f3 Nxg3 13. hxg3 Qf6 14. Bd3 c5 15. dxc5 bxc5 16. Ne2 Nc6 17. O-O-O Ne5
18. Rh5 Kg7 19. Nc3 Bc6 20. Be2 Rad8 21. f4 Nf7 {1/2-1/2 Szymczak,Z-Chloupek,S/
Prague Vysehrad (05)/1990/ (43)}) 10. dxc5 bxc5 11. Nf3 g5 12. Bg3 Ne4 13. Qc2
f5 14. Bd3 Qa5+ 15. Ke2 d6 16. Rhd1 e5 {1-0 Tihonov,J-Kellenberger,S/WchJM-U16
Bratislava (09)/1993 (27)}) (8... Re8 9. Nh3 h6 10. Bh4 d6 11. f3 e5 12. d5 c6
13. dxc6 Nxc6 14. O-O-O Rc8 15. Kb1 d5 16. cxd5 Nxd5 17. Qe1 Qc7 18. Bd3 Na5
19. e4 Ne7 {1/2-1/2 Petursson,M-Sokolov,A/Torcy op/1991/ (41)}) 9. c5 $6 {
Sokolov is very strong player and he he conciously tries to prevent the push
c7-c5. Unfortunately for him the general strategical rules will enable black
to punish him for this antipositional attempt. White simply lacks development
of his pieces.  N} (9. f3) 9... Nc6 (9... dxc5 10. dxc5 bxc5 (10... Nc6 {Dautov
} 11. Nf3 h6 12. Bxf6 Qxf6 13. Qxf6 gxf6 14. Rc1 Rfd8 $10) 11. Rd1) 10. Nf3 h6
11. Bh4 (11. Bxf6 Qxf6 12. cxd6 cxd6 13. Be2 Rac8 $15) 11... g5 12. Bg3 (12.
Nxg5 hxg5 13. Bxg5 bxc5 14. dxc5 e5 $17) 12... bxc5 13. dxc5 Ne4 14. Qc2 f5 $1
(14... Nxc5 15. h4 (15. b4 {Dautov} Nd7 16. Rd1 $44 (16. h4 g4 (16... Qf6 $2
17. Rd1 g4 18. Nd4 (18. b5 Nb4) 18... Nxd4 19. Rxd4 $14 {[%csl Rc7,Rg4]}) 17.
Ng5 Nf6 $1 (17... hxg5 $2 18. hxg5 Re8 19. Qh7+ Kf8 20. Bh4 $18) 18. Bd3 Ne7
$17)) 15... g4 16. Nh2 h5 17. b4 $36) 15. Bb5 (15. cxd6 cxd6 16. O-O-O Rc8 17.
Kb1 Ne5 $17) 15... Rc8 16. Nd2 (16. O-O Qf6 $15) 16... Nxd2 (16... Nxg3 17.
hxg3 Qf6 18. O-O-O $13) (16... Nxc5 $2 17. b4 Qf6 18. O-O f4 19. bxc5 $14) 17.
Qxd2 Qf6 {Ivanchuk has taken over the initiative and the Bg3 is in danger.} 18.
h4 (18. cxd6 $6 f4 $1 19. exf4 gxf4 20. d7 Rcd8 $19 (20... Rcd8 {Dautov} 21.
Rc1 fxg3 22. hxg3 Nd4 $19)) (18. f3 {Dautov >=} f4 19. exf4 (19. Bf2 $5) 19...
gxf4 20. Bf2 d5 $15) 18... f4 19. hxg5 hxg5 (19... Qe5 20. Bh2 Qxc5 21. Bxc6
Qxc6 (21... fxe3 $2 22. Qd3 $18) 22. Qd3 Qe4 23. Qxe4 Bxe4 24. f3 $14) 20. exf4
(20. Qd3 Qg7 21. exf4 gxf4 $17) 20... gxf4 21. Rh4 $5 (21. Bh4 Qe5+ 22. Kf1 (
22. Qe2 {Dautov} Qxe2+ 23. Bxe2 Nd4 $17) 22... Qxc5 $17 (22... Nd4 $17)) 21...
Qe5+ (21... fxg3 22. Rg4+ Kh8 23. O-O-O Rf7 24. Bd3 $40 (24. Rh1+ {Dautov} Rh7
25. Rxh7+ Kxh7 26. Bd3+ Kh8 27. Rg6 $18)) 22. Kf1 fxg3 23. Rg4+ Kf7 24. Re1
Qxc5 $6 {Daring move that leads to the lines of rare beauty, but objectively
stronger might be} (24... Qh5 $142 $1 25. Qf4+ Ke7 26. Qxg3 $17 (26. Qxg3 Ne5
$19)) (24... Qh8 $1 25. cxd6 cxd6 26. Qxd6 (26. Qf4+ Qf6 $19) 26... Qh1+ 27.
Ke2 Qh5 28. Qd7+ Ne7 $19) 25. Qf4+ Ke8 (25... Ke7 $4 26. Rg7+ $18) (25... Qf5
$2 {Dautov} 26. Qxf5+ exf5 27. Bc4+ Kf6 28. Re6+ Kf7 29. Re2+ $10) 26. Rxe6+ (
26. Bxc6+ Bxc6 27. Rxe6+ Kd7 28. Rg7+ Kxe6 29. Rg6+ Kd7 30. Qg4+ Qf5 $19) 26...
Kd7 27. Rg7+ (27. Qxg3 Kxe6 28. Bc4+ Kd7 29. Rg7+ Ne7 $19) 27... Kxe6 28. Rg6+
$2 {[#]} (28. Bc4+ $1 d5 (28... Qxc4+ {The only way to play for win, but the
outcome is not so clear.} 29. Qxc4+ Kf6 30. Rxg3 Ne5 $15) 29. Qg4+ Rf5 (29...
Kd6 $2 30. Qd7+ Ke5 31. Rg5+ $18) (29... Ke5 30. Qxg3+ Ke6 31. Qg4+) 30. Qg6+
Rf6 (30... Ke5 31. Qxg3+ Rf4 32. Rg5+ Ke6 33. Bxd5+ Qxd5 34. Rxd5 $13) 31. Qg4+
Rf5 (31... Ke5 32. Qxg3+ Rf4) 32. Qg6+ $10) 28... Kd7 (28... Kd5 $19 {Giese})
29. Rg7+ Ke6 30. Rg6+ (30. Bc4+ $1 d5 (30... Qxc4+ 31. Qxc4+ Kf6 32. Rxg3 Ne5
33. Qh4+ Ke6 $17) 31. Qg4+ Rf5 (31... Kd6 $4 32. Qd7+ Ke5 33. Rg5+ Kf6 34. Qf5+
Ke7 35. Rg7+ Kd6 36. Rd7#) 32. Qg6+ Ke5 33. Qxg3+ Ke6 34. Qg6+ Rf6 35. Qg4+ $10
) (30. Bc4+ $142 $10 {Giese}) 30... Kd5 {[%cal Yc5f2]} 31. Qd2+ (31. Qg5+ Ne5
$19) (31. Rg5+ {Giese} Ne5 32. Qd2+ Ke6 $19) (31. Bxc6+ {Giese} Kxc6 32. Qa4+
Kb6 $19) 31... Qd4 32. Bxc6+ (32. Rg5+ {Giese} Ke6 $19) (32. Qg5+ {Giese} Ne5
$19) 32... Kxc6 $1 {The K slips into the safety and black will win with neat
combination.} (32... Kc5 33. Qxd4+ Kxd4 34. Bxb7 Rxf2+ $19) (32... Bxc6 $4 33.
Rg5+ Ke6 34. Qxd4 {[%cal Gg5a5]} Rxf2+ 35. Ke1 $40) 33. Qxd4 (33. Qc2+ Kd7 $19)
33... Ba6+ (33... Ba6+ 34. Kg1 gxf2+ 35. Kh2 (35. Qxf2 {Giese} Rxf2 $19) 35...
f1=Q $19 (35... Rh8+ 36. Kg3 f1=Q 37. Qe4+ Kb6 38. Qb4+ Qb5 $19)) 0-1

[Event "Hoogovens"]
[Site "Wijk aan Zee"]
[Date "1996.01.21"]
[Round "7"]
[White "Ivanchuk, Vassily"]
[Black "Piket, Jeroen"]
[Result "1-0"]
[WhiteElo "2735"]
[BlackElo "2570"]
[Annotator "Ivanchuk,V"]
[PlyCount "53"]
[EventDate "1996.01.13"]
[EventType "tourn"]
[EventRounds "13"]
[EventCountry "NED"]
[EventCategory "17"]
[SourceTitle "CBM 051"]
[Source "ChessBase"]
[SourceDate "1996.04.01"]
[SourceVersion "1"]
[SourceVersionDate "1996.04.01"]
[SourceQuality "1"]

1. d4 Nf6 2. c4 g6 3. Nc3 Bg7 4. e4 d6 5. Nf3 O-O 6. Be2 e5 7. Be3 Nbd7 8. O-O
c6 9. d5 Ng4 10. Bd2 {A rare idea, instead of the normal move Bg5, that forces
f6. If Black play the advance f5, now or after Bg5, there is no diference. But
this break with f5 is considered dubious from a long time ago, because white
can go for the move Ng5. After f6 Black usually plays for the manouver Nh6-f7
before to play f5, like a Brenninkmejer-Piket game.} f5 $6 {Very dubious.
Black must trye other ideas. To play with a5 and Nc5, and then f5 is very slow
and doesn't works because the king knight must comeback to f6. Another idea,
may be more sound is 10...cd5 11.cd5 ( 11. Nd5, Cc5 ) Bh6!. This move is
possible now, but not after 10.Bg5 f6 11.Bd2 cd5 12.cd5 Bh6 because after 13.
h3 ypo loose the knight.} (10... a5 11. h3 Ngf6 12. Be3 Nc5 13. Nd2 $16) 11.
Ng5 Ndf6 12. b4 cxd5 (12... Qe7 {Is the known move ( by transposition ).} 13.
h3 (13. dxc6 bxc6 14. b5 h6 15. h3 hxg5 (15... Nxf2 16. Rxf2 hxg5 17. Bxg5 $16)
16. hxg4 Nxe4 17. Nxe4 fxe4 18. bxc6 $16 {and this funny position, with
islands of doubled pawns in both sides of the board, must favour white because
of the weakness of the e.}) 13... Nh6 14. c5 Kh8 15. Qb3 $1 {Grunberg-Knaak,
DDR 1987.}) 13. cxd5 fxe4 $2 {Was much better} (13... Qe7 14. Qb3 $1 (14. h3
Nh6 15. Qb3 fxe4 16. Ncxe4 Nf5) (14. Bc4 $6 Nxe4 15. Ncxe4 fxe4 16. Nxe4 Qh4 (
16... Nxh2) 17. h3 Nxf2) (14. exf5 gxf5 15. f3 Nh6 16. f4) 14... Nxe4 15. Ncxe4
fxe4 16. Nxe4 Nxh2 $2 (16... Nf6 17. Ng5 (17. Bg5 $1 Bf5 18. f3 (18. Ng3) 18...
Qd7 19. Ng3 $1 $16 (19. Bxf6 Bxf6 20. Bd3 Bd8 $1) (19. Bd3)) 17... h6 18. Ne6
Bxe6 19. dxe6 d5) 17. Bg5) 14. Ne6 $1 {Probably Piket didn,t really consider
this move, sacrificing the e-pawn. The discoordination of the black knights
allows this possibility.} Bxe6 15. dxe6 Nh6 (15... h5 16. Bg5 (16. h3 Nh6 17.
g4)) 16. g4 $1 {A strong move, against the situation of the Nh6.} d5 (16... Ne8
17. Nxe4 {is ridiculous for black. Minor pieces are without live. White will
play Bg5, supporting the advanced pawn.} Nc7 18. Bg5) 17. Bg5 $1 {This simple
move distroys black center and the white squares.} (17. g5 Nf5 18. gxf6 Bxf6 {
seguido de Cd4.} 19. Bc1 Nd4 $13) 17... Rc8 (17... d4 18. Nxe4) (17... Re8 18.
Bxf6 Bxf6 19. Nxd5 Rc8 (19... Rxe6 20. Qb3 Nf7 21. Nc7 Qxc7 22. Qxe6 Kg7 23.
Rfd1) 20. Bb5 (20. Qb3) 20... Rxe6 21. Bd7) 18. e7 $1 {Deciding the result of
the game.} Qxe7 19. Nxd5 Qe6 20. Nxf6+ Rxf6 21. Bxf6 Qxf6 22. Qd5+ Nf7 23. Bc4
Rxc4 24. Qxc4 Qf3 25. Qe6 Bh6 26. Rad1 e3 27. Rd7 1-0

[Event "Hoogovens"]
[Site "Wijk aan Zee"]
[Date "1996.01.22"]
[Round "8"]
[White "Gelfand, Boris"]
[Black "Ivanchuk, Vassily"]
[Result "1/2-1/2"]
[WhiteElo "2700"]
[BlackElo "2735"]
[Annotator "Gelfand,B"]
[PlyCount "53"]
[EventDate "1996.01.13"]
[EventType "tourn"]
[EventRounds "13"]
[EventCountry "NED"]
[EventCategory "17"]
[SourceTitle "CBM 051"]
[Source "ChessBase"]
[SourceDate "1996.04.01"]
[SourceVersion "1"]
[SourceVersionDate "1996.04.01"]
[SourceQuality "1"]

1. Nf3 f5 2. g3 Nf6 3. Bg2 d6 4. d4 g6 5. O-O Bg7 6. c4 O-O 7. Nc3 Na6 8. b3 c6
9. Bb2 Qe8 10. d5 Bd7 11. Rb1 Rc8 (11... Nc7) 12. e4 $1 $146 (12. Nd4 {-52/110}
) 12... Nxe4 (12... fxe4 13. Ng5 e3 14. fxe3 h6 15. Nf3 $14 (15. Nge4 Ng4)) 13.
Nxe4 fxe4 14. Ng5 Bxb2 (14... e3 15. Bxg7 (15. f4 $5) (15. fxe3 Rxf1+ 16. Qxf1
Qf8 $14) 15... exf2+ 16. Rxf2 Rxf2 (16... Kxg7 17. Qd4+ Kg8 18. Rbf1 $16) 17.
Qd4 $16) 15. Rxb2 Rf5 (15... e3 16. fxe3 Rxf1+ 17. Qxf1 Qf8 18. Rf2 Qg7 19. Bh3
$1 $18) 16. Nxe4 (16. h4 cxd5 17. cxd5 Nc5) 16... cxd5 17. cxd5 (17. g4 Re5 (
17... Rf7 18. Ng5 Rf4 19. Qxd5+ Kg7 20. f3 $5 Nc5 21. Re2 $16) (17... Rf4 18.
Qxd5+ Kg7 19. Qxb7 Nc7 20. Qxa7 Rxg4 21. Ng3 $16) (17... dxe4 18. gxf5 gxf5 19.
f3 $1 (19. Qd5+ Qf7 $13) 19... Nc5 20. fxe4 fxe4 (20... Nxe4 21. Bxe4 fxe4 22.
Rg2+ $18) 21. Qd5+ (21. Bxe4 Nxe4 22. Qd5+ Kh8 23. Qxe4 Bc6 $13) 21... Kh8 (
21... Be6 22. Qg5+ Kh8 23. Rbf2 $16) 22. Qd4+ $16) 18. cxd5 (18. f4 Rxe4 19.
Qxd5+ Re6 20. f5 Nc7) (18. Ng3 dxc4 19. Bxb7 c3 20. Bxc8 Qxc8 $44 21. Re2 Bxg4
22. f3 Qc5+ 23. Kg2 Bd7 24. Ne4 Qc8 $13) (18. Nc3 dxc4 19. Bxb7 cxb3 20. Nd5
Rc5 21. Bxa6 Bxg4 22. f3 Rcxd5 23. Bc4 Be6 $13) 18... Nc5 19. Nc3 g5 $5 (19...
Bb5 20. Nxb5 Qxb5 21. Rc2 Rf8 22. Rc4 Nd7 23. f4 Re3 24. g5 $14) 20. f4 gxf4
21. Rxf4 Qg6 $13) (17. Nc3 e6 18. Nxd5 exd5 19. Bxd5+ Rxd5 20. Qxd5+ Qf7 21.
Qxb7 Nc5 $17) 17... Nc5 18. Re1 (18. Qd4 $5 b6 19. Nc3 $1 {Ivanchuk} Rf7 20. h4
(20. Re1 a5) (20. Re2 a5 (20... Qf8 21. b4 Na4 22. Nxa4 Bxa4 23. Bh3 Bb5 $1)
21. Rfe1 Qf8) 20... a5 21. b4 axb4 22. Rxb4 Rb8 23. Rfb1 Qd8 24. a4 $14) 18...
Nxe4 19. Rxe4 (19. Bxe4 Rf7 20. Qd4 b6 21. Rbb1 Rf8 22. Rbc1 Qf7 $10) 19... Rc5
20. Rc4 (20. Qe1 Rf7 (20... Qc8 21. Rb1 Rc2 $132) 21. Rbe2 Qc8) 20... Rxc4 21.
bxc4 b6 22. Re2 Rf7 23. Qd4 Qf8 24. f4 Qg7 25. Qxg7+ Kxg7 26. Re3 Bc8 27. h4 (
27. Ra3 e5 $10) 1/2-1/2

[Event "Amber-blindfold 05th"]
[Site "Monte Carlo"]
[Date "1996.??.??"]
[Round "8"]
[White "Shirov, Alexei"]
[Black "Ivanchuk, Vassily"]
[Result "1-0"]
[WhiteElo "2690"]
[BlackElo "2735"]
[Annotator "Shirov,A"]
[PlyCount "61"]
[EventDate "1996.04.??"]
[EventType "tourn (rapid)"]
[EventRounds "11"]
[EventCountry "MNC"]
[EventCategory "17"]
[SourceTitle "CBM 052 Extra"]
[Source "ChessBase"]
[SourceDate "1996.07.01"]
[SourceVersion "1"]
[SourceVersionDate "1996.07.01"]
[SourceQuality "1"]

{The quality of blindfold games in Melody Amber tournament seems to increase
year by year. At least I could feel that in my games I could find much more
interesting things than one year ago over the empty monitor.} 1. e4 c5 2. Nf3
d6 3. d4 cxd4 4. Nxd4 Nf6 5. Nc3 Nc6 6. Bg5 Bd7 {This move took me some time
as nobody had played against me this setup before. However after some moves it
comes to the line normally starting with} (6... e6) 7. Qd2 a6 8. O-O-O e6 9. f3
Be7 10. h4 b5 11. g4 $5 {A rare path. White has so far been successful with
more common} (11. Nxc6 Bxc6 12. Ne2) 11... Ne5 {This logical move is already
new.} (11... b4 {has been played.}) 12. Bxf6 gxf6 13. Qh6 $5 {I got inspired
by this unusual idea and decided not to spend time on considering anything
else which I would probably do in a 'slow chess' game} Rc8 {After the game
Ivanchuk was a bit unhappy about this move and he suggested} (13... b4 {
instead. Unfortunately I don't remember how went our post-mortem but I think
that the position after} 14. Nce2 {is quite unclear.}) 14. f4 Bf8 15. Qh5 b4 {
[#]} 16. Nd5 $5 {I was feeling in a creative mood and the other continuation} (
16. Nce2 $6 Nc4 {with Black's initiative, didn't apply to me at all. As Vasily
admitted, having missed 14.Nd5 he got psychologically affected and didn't
manage to cope with all the complications.}) 16... exd5 {Refusing to take
knight wouldn't be in Black's favour for example} (16... Ng6 17. f5 exd5 18.
fxg6 fxg6 19. Qxd5 $14 {or even worse}) (16... Nc4 $6 17. Bxc4 Rxc4 18. Ne3 Rc5
19. g5 $16) 17. fxe5 fxe5 {I hope the reader will forgive me that I don't give
analysis on} (17... dxe5 18. Bxa6 $13 {-it's too complicated.}) 18. Bxa6 exd4
19. exd5 $5 {Intuition told me that my bishop could still be of use later on.}
(19. Bxc8 Bxc8 {would be quite unclear.}) 19... Bg7 $6 {Not yet a great
mistake but connected with a big oversight. During the game I considered} (
19... Qf6 $1 {to be best for Black. Now he practically doesn't risk anything
while White should be cautios. After} 20. Bxc8 {Black has two possibilities
but both of them seem to lead to an approximate equality, for instance} Qf4+ (
20... Bxc8 21. Rhe1+ Kd8 (21... Be7 22. Re4 O-O 23. g5 $14) 22. Rf1 Qh6+ 23.
Qxh6 Bxh6+ 24. g5 Bg7 25. Rxf7 Be5 $13 {or}) 21. Kb1 Bxc8 22. Rde1+ Kd8 23.
Rhf1 Bxg4 24. Rxf4 Bxh5 25. Rxd4 $13 Bf3 $140 26. Rd3 Bg2 27. Rd2 $10 {. The
following lines also indicate that keeping the rook is probably not very
promising for Black:}) (19... Ra8 $2 20. Rhf1 Qe7 (20... Qa5 21. Bb7 Rb8 22.
Bc6 $18) (20... Qb6 21. Rxf7 Kd8 22. Qg5+ Kc7 23. Bd3 $18) 21. Bb7 $1 (21. Rde1
Rxa6 22. Qxf7+ Kd8 23. Rxe7 Bxe7 24. Qg7 Re8 $13) 21... Bxg4 (21... Rxa2 22.
Rfe1 Ra1+ 23. Kd2 Qe3+ 24. Rxe3+ dxe3+ 25. Ke1 $18) 22. Bc6+ Kd8 23. Qxg4 Rxa2
24. Qxd4 Ra1+ 25. Kd2 Bh6+ 26. Kd3 Rxd1+ 27. Rxd1 Rg8 28. Qb6+ Qc7 29. Qf2 $1
$18) (19... Rc5 $6 20. Rhf1 (20. Rde1+ $6 Be7 21. Rhf1 Rf8 $15) 20... Qa8 $1 {
This poses White certain practical problems but still doesn't seem good enough
in view of} (20... Qa5 21. Rde1+ $1 (21. Qxf7+ Kd8 22. Qf6+ Kc7 23. Qxh8 Qxa6
24. Qxh7 b3 25. axb3 Qa1+ 26. Kd2 Qxb2 $13) 21... Kd8 22. Rxf7 $1 {(Ivanchuk)}
Qxa6 (22... Qa4 23. Bd3 b3 24. a3 $1 $18) 23. Rxd7+ Kxd7 24. Qf7+ Be7 25. Rxe7+
Kc8 26. Ra7 $18) 21. Rxf7 Kd8 22. Qg5+ Kc7 23. Qf5 (23. Qf6 $6 Qxa6 24. Qxh8 b3
25. axb3 Qa1+ 26. Kd2 Qa5+ $40) 23... Bh6+ 24. Kb1 Rd8 25. Bd3 Qxd5 (25... Be3
26. Qxh7 Qxd5 27. Bf5 Qc6 28. Rf1 d3 29. Bxd3 $14) 26. Qxd5 (26. Qxh7 Ra5 27.
b3 Be3 28. Bf5 Qb5 $13) 26... Rxd5 27. g5 Rf8 (27... Bxg5 28. hxg5 Rxg5 29.
Bxh7 $16) 28. Rxh7 Bxg5 29. hxg5 Rxg5 30. b3 $14) 20. Rde1+ Kf8 21. Rhf1 Be8 $4
{The decisive error. After the correct} (21... f6 22. Bxc8 (22. g5 $6 Be8 23.
Qe2 Rc7 $15) 22... Qxc8 23. Kb1 {it wouldn't be easy to asess the position})
22. Rxe8+ Qxe8 23. Bxc8 f6 24. Qf5 $1 $18 {The queen's exchange would create
unnecessary technical difficulties.} Qe5 25. Qd7 $1 d3 26. Qd8+ Kf7 27. Qc7+
Kf8 (27... Kg6 28. Bf5+ Kh6 29. Qf7 Qe3+ 30. Kb1 $18) (27... Qe7 28. Be6+ $18)
28. Be6 Qe3+ 29. Kb1 dxc2+ 30. Qxc2 $6 {A blindfold inaccuracy.} (30. Ka1 {
would be cleaner.}) 30... Qc5 31. Qe4 {Black resigned as he can not prevent
mating attack.} 1-0

[Event "Amber-rapid 05th"]
[Site "Monte Carlo"]
[Date "1996.??.??"]
[Round "10"]
[White "Ivanchuk, Vassily"]
[Black "Ljubojevic, Ljubomir"]
[Result "1-0"]
[WhiteElo "2735"]
[BlackElo "2600"]
[PlyCount "137"]
[EventDate "1996.04.??"]
[EventType "tourn (rapid)"]
[EventRounds "11"]
[EventCountry "MNC"]
[EventCategory "17"]
[SourceTitle "CBM 052 Extra"]
[Source "ChessBase"]
[SourceDate "1996.07.01"]
[SourceVersion "1"]
[SourceVersionDate "1996.07.01"]
[SourceQuality "1"]

1. e4 e6 2. d4 d5 3. Nd2 c5 4. exd5 exd5 5. Ngf3 Nc6 6. Bb5 Bd6 7. dxc5 Bxc5 8.
Nb3 Bd6 9. O-O Nge7 10. Re1 O-O 11. Bg5 Qc7 12. c3 Bg4 13. h3 Bh5 14. Be2 Bg6
15. Nbd4 a6 16. Bd3 Rfe8 17. Bxg6 hxg6 18. Qd3 Qb6 19. Nb3 Qc7 20. Rad1 Rad8
21. Nbd4 Ne5 22. Nxe5 Bxe5 23. Nf3 Bf6 24. Re2 Rf8 25. Bxf6 gxf6 26. h4 Kg7 27.
h5 Rh8 28. Rde1 Rd7 29. hxg6 Nxg6 30. g3 Rh5 31. Nd4 Ne5 32. Qd1 Rd8 33. f4
Rdh8 34. fxe5 fxe5 35. Nf3 e4 36. Nh4 Kf8 37. Rg2 Rg5 38. Qd4 Rhg8 39. Re3 b5
40. Qf6 Ke8 41. Kf2 Qc8 42. Ke1 Qc5 43. Kd2 Qc8 44. Rf2 Qe6 45. Qf4 Re5 46. Nf5
Rg6 47. a3 Qf6 48. Nd4 Qxf4 49. gxf4 Rh5 50. Kc2 Kd7 51. Kb3 Kc7 52. a4 bxa4+
53. Kxa4 Kb6 54. Nc2 Rg4 55. Re1 Rg3 56. Rd2 Kc5 57. Nb4 a5 58. Kxa5 Rf3 59.
Red1 Kc4 60. Ka4 e3 61. b3+ Kc5 62. Rxd5+ Rxd5 63. Rxd5+ Kb6 64. Re5 Rxf4 65.
Rxe3 Kc5 66. c4 Rf1 67. Nc2 Rf2 68. Re5+ Kd6 69. Rd5+ 1-0